Musical Theatre Choreography: (Registro nro. 322646)
[ vista simple ]
| 000 -ENCABEZADO | |
|---|---|
| Número de control [NR] | 00680nam a22001817a 4500 |
| 005 - FECHA Y HORA DE LA ÚLTIMA TRANSACCIÓN | |
| control field | 20230523133109.0 |
| 008 - DE LONGITUD FIJA DE DATOS DE ELEMENTOS - INFORMACIÓN GENERAL | |
| Elementos de longitud fija [NR] | 230523b ||||| |||| 00| 0 eng d |
| 020 ## - NUMERO INTERNACIONAL NORMALIZADO PARA LIBROS [R] | |
| Número Internacional Normalizado del libro [NR] | 9780578221397 |
| 040 ## - FUENTE DE CATALOGACION [NR] | |
| Agencia de catalogación original [NR] | CO-BoUCM |
| Quien Cataloga | David Moreno |
| Quien Clasifica | David Moreno |
| 100 1# - ASIENTO PRINCIPAL--NOMBRE PERSONAL [NR] | |
| Nombre personal [NR] | Sabo, Linda |
| ID Autoridad | 177610 |
| 245 10 - MENCION DE TITULO [NR] | |
| Título [NR] | Musical Theatre Choreography: |
| Parte restante del título [NR] | Reflections of My Artistic Process for Staging Musicals / |
| Mención de responsabilidad, etc. [NR] | Linda Sabo |
| 260 ## - PUBLICACION, DISTRIBUCION, ETC. (PIE DE IMPRENTA) [R] | |
| Lugar de publicación, distribución, etc. [R] | Usa |
| Nombre del editor, distribuidor, etc. [R] | Farnham Academy Press |
| Fecha de publicación, distribución, etc. [R] | 2020 |
| 300 ## - DESCRIPCION FISICA [R] | |
| Extensión [R] | 232 Paginas |
| 650 1# - ASIENTO SECUNDARIO DE MATERIA - TERMINO TEMATICO [R] | |
| Término temático o nombre geográfico como elemento de entrada [NR] | Coreografía |
| Subdivisión general [R] | Musicales de Broadway |
| 9 (RLIN) | 177611 |
| 650 1# - ASIENTO SECUNDARIO DE MATERIA - TERMINO TEMATICO [R] | |
| Término temático o nombre geográfico como elemento de entrada [NR] | Teatro musical |
| Subdivisión geográfica [R] | Circuito de Broadway |
| 9 (RLIN) | 177612 |
| 942 ## - ELEMENTOS DE ENTRADA AGREGADOS (KOHA) | |
| Sistema de clasificación | DEWEY |
| Tema principal | Arte |
| Tipo de ítem principal el descrito en 300a | Libro |
| Edición | 1 |
| Clasificación | 792.6 |
| Parte restante de la signatura top. | SA117m |
| Título oculto en OPAC | No |
| Signatura topográfica | Código de barras | Última vez visto | Ejemplar | Costo de reposición | Price effective from | Tipo de ítem | Nota pública (OPAC) | Perdido | Sistema de clasificación | Dañado | No prestable | Tipo de ítem específico | Suprimido | Ubicación habitual | Ubicación actual | Localización | Fecha de creación | Forma de adquisición | Costo |
|---|---|---|---|---|---|---|---|---|---|---|---|---|---|---|---|---|---|---|---|
| 792.6 SA117m | 100171331 | 10/12/2025 | Ej.1 | 172560.00 | 23/05/2023 | Libro | Spot Teatro Musical | DEWEY | Libro | Sede del emprendimiento y la innovación | Sede del Emprendimiento, Innovación y Creación | 1er piso | 23/05/2023 | Compra | 172560.00 |